Matlab The Language of Technical Computing / (Record no. 195030)

000 -LEADER
fixed length control field 00749 a2200145 4500
003 - CONTROL NUMBER IDENTIFIER
control field Nust
005 - DATE AND TIME OF LATEST TRANSACTION
control field 20230102112033.0
040 ## - CATALOGING SOURCE
Transcribing agency Nust
082 ## - DEWEY DECIMAL CLASSIFICATION NUMBER
Classification number 629.8
245 ## - TITLE STATEMENT
Title Matlab The Language of Technical Computing /
260 ## - PUBLICATION, DISTRIBUTION, ETC.
Place of publication, distribution, etc. London
Name of publisher, distributor, etc. 1996
300 ## - PHYSICAL DESCRIPTION
Extent Various Pages
505 ## - FORMATTED CONTENTS NOTE
Formatted contents note Introduction (Page-1), Using the Environment (Page-2), Debugger and Profiler (Page-3), Polynomials and Interpolation (Page-5), Data Analysis and Statistics (Page-6), Function Functions (Page-7), Ordinary Differential Equations (Page-8), Sparse Matrices (Page-9), M-File Programming (Page-10), Character Arrays (Page-11), Multidimensional Arrays (Page-12), Structures and Cell Arrays (Page-13), Classes and Objects (Page-14), File/O (Page-15).
942 ## - ADDED ENTRY ELEMENTS (KOHA)
Source of classification or shelving scheme
Koha item type Book
Holdings
Withdrawn status Lost status Source of classification or shelving scheme Damaged status Not for loan Collection code Permanent Location Current Location Date acquired Total Checkouts Full call number Barcode Date last seen Price effective from Koha item type Shelving location Public note
            Military College of Signals (MCS) Military College of Signals (MCS) 12/12/2016   629.8 SHA MCS3567 12/08/2016 12/12/2016 Book    
            Military College of Signals (MCS) Military College of Signals (MCS) 12/12/2016   629.8 SHA MCS3568 12/08/2016 12/12/2016 Book    
            Military College of Signals (MCS) Military College of Signals (MCS) 12/12/2016   629.8 SHA MCS3569 12/08/2016 12/12/2016 Book    
            Military College of Signals (MCS) Military College of Signals (MCS) 12/12/2016   629.8,SHA MCS3572 12/08/2016 12/12/2016 Book General Stacks Almirah No.41, Shelf No.5
            Military College of Signals (MCS) Military College of Signals (MCS) 12/12/2016   629.8 SHA MCS3573 12/08/2016 12/12/2016 Book    
            Military College of Signals (MCS) Military College of Signals (MCS) 12/12/2016   629.8 SHA MCS3574 12/08/2016 12/12/2016 Book    
            Military College of Signals (MCS) Military College of Signals (MCS) 12/12/2016   629.8 SHA MCS3575 12/08/2016 12/12/2016 Book    
© 2023 Central Library, National University of Sciences and Technology. All Rights Reserved.